BHARAT ME VIGYAN KI UJJWAL PARAMPARA (Record no. 8568)

MARC details
000 -LEADER
fixed length control field 00326nam a22001337a 4500
005 - DATE AND TIME OF LATEST TRANSACTION
control field 20240708123337.0
008 - FIXED-LENGTH DATA ELEMENTS--GENERAL INFORMATION
fixed length control field 240708b |||||||| |||| 00| 0 eng d
041 ## - LANGUAGE CODE
Language code of text/sound track or separate title eng
100 ## - MAIN ENTRY--AUTHOR NAME
Personal name SONI. SURESH
245 ## - TITLE STATEMENT
Title BHARAT ME VIGYAN KI UJJWAL PARAMPARA
260 ## - PUBLICATION, DISTRIBUTION, ETC. (IMPRINT)
Place of publication BHOPAL
Name of publisher ARCHANA PRAKASHAN
300 ## - PHYSICAL DESCRIPTION
Number of Pages 204;P
942 ## - ADDED ENTRY ELEMENTS (KOHA)
Koha item type Books
Holdings
Lost status Damaged status Home library Current library Shelving location Date acquired Source of acquisition Cost, normal purchase price Accession Number Koha item type
    JRU Library JRU Library SHELF-44-L 08/07/2024 PURCHASE 100.00 28273 Books
    JRU Library JRU Library SHELF-44-L 08/07/2024 PURCHASE 100.00 28274 Books